[Event "Sochi Amateur op 6th"]
[Site "Sochi"]
[Date "2019.04.10"]
[Round "5"]
[White "Mainul, Islam"]
[Black "Egorova, Tatyana"]
[Result "0-1"]
[WhiteElo "1292"]
[BlackElo "1720"]
[PlyCount "60"]
[EventDate "2019.04.07"]
[EventType "swiss"]
[EventRounds "9"]
[EventCountry "RUS"]
[SourceTitle "CBM 189 Extra"]
[Source "ChessBase"]
[SourceDate "2019.06.03"]
[SourceVersion "1"]
[SourceVersionDate "2019.06.03"]
[SourceQuality "1"]

1. d4 g6 2. c4 Bg7 3. e4 d6 4. Nf3 Nf6 5. Nc3 0-0 6. Be2 Nbd7 7. 0-0 e5 8. d5 Nc5 9. Qc2 a5 10. Bg5 h6 11. Bh4 g5 12. Nxg5 hxg5 13. Bxg5 Qe8 14. f4 Nh7 15. Rf3 f5 16. Raf1 fxe4 17. Rg3 Nxg5 18. fxg5 Rxf1+ 19. Bxf1 Bf5 20. Qf2 Qf7 21. h4 Rf8 22. Re3 Qh5 23. Be2 Bg4 24. Bxg4 Qxg4 25. Qg3 Qh5 26. Nxe4 Qd1+ 27. Qe1 Qd4 28. b3 Nxe4 29. Kh2 Nf2 30. Kg3 Qg4+ 0-1

[Event "Sochi Amateur op 6th"]
[Site "Sochi"]
[Date "2019.04.07"]
[Round "1"]
[White "Arkhipenko, Daniil"]
[Black "Egorova, Tatyana"]
[Result "1-0"]
[WhiteElo "2160"]
[BlackElo "1720"]
[PlyCount "43"]
[EventDate "2019.04.07"]
[EventType "swiss"]
[EventRounds "9"]
[EventCountry "RUS"]
[SourceTitle "CBM 189 Extra"]
[Source "ChessBase"]
[SourceDate "2019.06.03"]
[SourceVersion "1"]
[SourceVersionDate "2019.06.03"]
[SourceQuality "1"]

1. d4 g6 2. e4 Bg7 3. Nc3 e6 4. Be3 d5 5. e5 b6 6. f4 Ba6 7. Bxa6 Nxa6 8. Nf3 c6 9. 0-0 Ne7 10. Ne2 0-0 11. c3 c5 12. g4 Qd7 13. Ng3 cxd4 14. cxd4 Bh6 15. Rf2 Rac8 16. Qf1 Nb4 17. Ne1 f5 18. exf6 Rxf6 19. g5 Bxg5 20. fxg5 Rxf2 21. Qxf2 Rf8 22. Qe2 1-0

[Event "SRB Central-ch op-B 7th"]
[Site "Paracin"]
[Date "2014.07.05"]
[Round "2"]
[White "Egorova, Tatyana"]
[Black "Radovanovic, Miroljub B"]
[Result "0-1"]
[WhiteElo "1793"]
[BlackElo "1974"]
[PlyCount "109"]
[EventDate "2014.07.04"]
[EventType "swiss"]
[EventRounds "9"]
[EventCountry "SRB"]
[SourceTitle "CBM 161 Extra"]
[Source "ChessBase"]
[SourceDate "2014.08.29"]
[SourceVersion "1"]
[SourceVersionDate "2014.08.29"]
[SourceQuality "1"]

1. d4 d5 2. Nf3 Nf6 3. b3 g6 4. Bb2 Bg7 5. e3 Nbd7 6. c4 c6 7. Nbd2 Qa5 8. Bd3 Ne4 9. 0-0 f5 10. Bxe4 fxe4 11. Ne1 Nf6 12. f3 exf3 13. Nexf3 Bg4 14. Qe1 0-0 15. e4 Nxe4 16. Nxe4 Qxe1 17. Raxe1 dxe4 18. Rxe4 Bxf3 19. Rxf3 Rxf3 20. gxf3 Kf7 21. Ba3 Bf6 22. Kf2 b5 23. cxb5 cxb5 24. Bc5 a5 25. a3 e6 26. Rf4 g5 27. Re4 Rc8 28. f4 g4 29. Re2 h5 30. Ke3 e5 31. fxe5 Bxe5 32. dxe5 Rxc5 33. Kd4 Rc1 34. Kd5 Ke7 35. e6 Rd1+ 36. Kc5 Rd3 37. a4 bxa4 38. bxa4 h4 39. Re5 g3 40. hxg3 hxg3 41. Kb5 g2 42. Rg5 Rd5+ 43. Rxd5 g1Q 44. Kxa5 Kxe6 45. Rb5 Kd6 46. Ka6 Qf1 47. Kb6 Qf2+ 48. Kb7 Qf3+ 49. Ka7 Qe3+ 50. Rb6+ Kc7 51. a5 Qe4 52. Rb8 Qd5 53. a6 Qd6 54. Rb7+ Kc8 55. Rb6 0-1